000 006040000a22001810004500
999 _c53948
_d53948
001 768714001
003 CO-MdFUSB
005 20170809164739.0
008 170809s1998 xxu||||| |||| 00| 0 eng d
022 _a0098-9444
040 _aCO-MdFUSB
_bspa
_cCO-MdFUSB
_dCO-MdFUSB
041 _aeng
245 1 0 _aIsrael's archaelogical crisis :
_bcynical politics takes its toll on the field
300 _aVolumen 24. Número 5 (1998), Páginas 6
_c28 cm.
546 _aTexto en inglés
773 0 _tBiblical Archaeology Review
_049395
_959482
_gVolumen 24. Número 5 (1998), Páginas 6
_qPágina 6
942 _cANA